| 000 | 00450nam a2200193Ia 4500 | ||
|---|---|---|---|
| 005 | 20251122103012.0 | ||
| 008 | 230125s9999 xx 000 0 und d | ||
| 020 | _a81-219-9869-7 | ||
| 041 | _aeng | ||
| 082 |
_a158.1 _bALE |
||
| 100 | _aAlex K | ||
| 245 | _aManagerial Skills | ||
| 260 |
_c2013 _bS. Chand & Company Ltd. _aNew Delhi |
||
| 300 | _a181p | ||
| 500 | _aPersonality Development | ||
| 700 | _aAlex K | ||
| 906 | _b77 | ||
| 942 | _cBK | ||
| 999 |
_c94049 _d94049 |
||